Statistics for Abravarients 2024

Click here to take the quiz!

General Stats

  • This quiz has been taken 26 times
  • The average score is 10 of 15

Answer Stats

Answer% Correct
abrachicken
100%
abraham
100%
abraturkey
100%
abram
75%
abramediumrare
75%
abrarare
75%
abrawelldone
75%
abrabraham
50%
bbraham
50%
claybraham
50%
gaybraham
50%
hbraham
50%
jaybraham lincoln
50%
abrafan
25%
andrebraham
25%

Score Distribution

Percentile by Number Answered

Percent of People with Each Score

Your Score History

You have not taken this quiz